إفلاس الشركات في الفقة الإسلامي و القانون : (رقم التسجيلة. 122427)

تفاصيل مارك
000 -LEADER
fixed length control field 00645nam a22001937a 4500
005 - DATE AND TIME OF LATEST TRANSACTION
control field 20251108174944.0
008 - FIXED-LENGTH DATA ELEMENTS--GENERAL INFORMATION
fixed length control field 250721s2010 xx 000 0 ara d
082 14 - DEWEY DECIMAL CLASSIFICATION NUMBER
Classification number 216.92/ذيا
100 1# - MAIN ENTRY--PERSONAL NAME
Personal name ذياب، زياد صبحي
Relator term مؤلف
245 10 - TITLE STATEMENT
Title إفلاس الشركات في الفقة الإسلامي و القانون :
Remainder of title دراسة مقارنة /
246 11 - VARYING FORM OF TITLE
Title proper/short title COMPANIES BANKUPTCY
264 1# - PRODUCTION, PUBLICATION, DISTRIBUTION, MANUFACTURE, AND COPYRIGHT NOTICE
Place of production, publication, distribution, manufacture عمان :
Name of producer, publisher, distributor, manufacturer دار النفائس للنشر،
Date of production, publication, distribution, manufacture, or copyright notice 2010.
300 ## - PHYSICAL DESCRIPTION
Extent 544ص.
650 17 - SUBJECT ADDED ENTRY--TOPICAL TERM
Topical term or geographic name as entry element الفقه الإسلامي
650 17 - SUBJECT ADDED ENTRY--TOPICAL TERM
Topical term or geographic name as entry element الإفلاس
650 17 - SUBJECT ADDED ENTRY--TOPICAL TERM
Topical term or geographic name as entry element الخسائر المالية
942 ## - ADDED ENTRY ELEMENTS (KOHA)
Source of classification or shelving scheme Dewey Decimal Classification
Koha item type كتب
المقتنيات
حالة السحب حالة الفقدان مصدر التصنيف حالة التلف غير قابل للإعارة المكتبة الرئيسية المكتبة الحالية موقع الرف تاريخ التزويد الرقم المتسلسل Total Checkouts رقم الإستدعاء الباركود تاريخ آخر ظهور تاريخ الفاتورة نوع المادة (كوها)
    Dewey Decimal Classification     المكتبة المركزية المكتبة المركزية الإعارة 28/07/2025 1422104   216.92/ذيا PLD00173399 28/07/2025 28/07/2025 كتب
    Dewey Decimal Classification     مكتبة أبو علندا العامة مكتبة أبو علندا العامة الإعارة 26/12/2010 1422112   216.92/ذيا PLD00174385 28/07/2025 26/12/2010 كتب
    Dewey Decimal Classification     مكتبة أم قصير والمقابلين العامة مكتبة أم قصير والمقابلين العامة الإعارة 26/12/2010 1422113   216.92/ذيا PLD00174384 28/07/2025 26/12/2010 كتب
    Dewey Decimal Classification     مكتبة الأميرة ايمان العامة مكتبة الأميرة ايمان العامة الإعارة 26/12/2010 1422114   216.92/ذيا PLD00174383 28/07/2025 26/12/2010 كتب
    Dewey Decimal Classification     مكتبة الاميرة بديعة مكتبة الاميرة بديعة الإعارة 26/12/2010 1422115   216.92/ذيا PLD00174382 28/07/2025 26/12/2010 كتب
    Dewey Decimal Classification     مكتبة الجويدة مكتبة الجويدة الإعارة 26/12/2010 1422116   216.92/ذيا PLD00174381 28/07/2025 26/12/2010 كتب
    Dewey Decimal Classification     مكتبة الحسن العامة مكتبة الحسن العامة الإعارة 26/12/2010 1422108   216.92/ذيا PLD00174389 28/07/2025 26/12/2010 كتب
    Dewey Decimal Classification     مكتبة النصر العامة مكتبة النصر العامة الإعارة 26/12/2010 1422107   216.92/ذيا PLD00174390 28/07/2025 26/12/2010 كتب
    Dewey Decimal Classification     مكتبة حمزة العامة مكتبة حمزة العامة الإعارة 26/12/2010 1422109   216.92/ذيا PLD00174388 28/07/2025 26/12/2010 كتب
    Dewey Decimal Classification     مكتبة صويلح العامة مكتبة صويلح العامة الإعارة 26/12/2010 1422105   216.92/ذيا PLD00174392 28/07/2025 26/12/2010 كتب
    Dewey Decimal Classification     مكتبة وادي السير العامة مكتبة وادي السير العامة الإعارة 26/12/2010 1422106   216.92/ذيا PLD00174391 28/07/2025 26/12/2010 كتب
Implemented & Customized by: BBB with SCIT (Smart Chains for Information Technology)

Powered by Koha